000 00875cam a2200217 4500
001 WB3734-07
008 010913n2001 000 0 eng u
035 _a(Sirsi) u114569
245 _aAerospace study aids construction
260 _c2001
490 _aContract Journal
_v408(6344) 12 September 2001, 2(1)
520 _aA Reading University research project is comparing and contrasting practices in the construction and aerospace industries to allow benchmarking. The first three stages of the research are looking at supply chain management, human resource management and requirements of management.
590 _aWB
650 _aHUMAN RESOURCES MANAGEMENT
650 _aSUPPLY CHAIN MANAGEMENT
650 _aBENCHMARKING
650 _aAEROSPACE INDUSTRY
650 _aCONSTRUCTION INDUSTRY
690 _aBUILDING AND CONSTRUCTION-MANAGEMENT
942 _n0
999 _c68264
_d68264